Burbujas de ocio. Humor a la carta

Salvato in:
Dettagli Bibliografici
Autore principale: Gray, Enrique (Autore)
Natura: Libro
Lingua:spagnolo
Pubblicazione: Valparaíso Alba 2006
Soggetti:
Tags: Aggiungi Tag
Nessun Tag, puoi essere il primo ad aggiungerne!!

MARC

LEADER 00000nam a2200000 a 4500
001 UCI2294
003 CL-VaPUC
008 070817e20060000CL |||||||||||||||||spa|d
082 0 4 |a Ch868.7  |b GRA  |2 21 
100 0 |a Gray, Enrique  |e author  |9 523250 
245 1 0 |a Burbujas de ocio. Humor a la carta 
300 |a 132 p 
942 |c BK 
945 |d 20070817 00:00:00  |a rbrito 
260 |a Valparaíso  |b Alba  |c 2006 
650 7 |a HUMOR LITERARIO  |2 CL-VaPUC  |9 350018 
650 7 |a SATIRAS  |2 CL-VaPUC  |9 416377 
583 |a last modification  |c 20070817 00:00:00  |k Rodrigo Vera 
999 |c 326912  |d 326910 
952 |0 0  |1 0  |4 0  |6 CH_868_700000000000000_GRA_2006  |7 0  |8 A  |9 409169  |a BIBHIS  |b BIBHIS  |d 2019-11-22  |i 4364090  |o Ch868.7 GRA 2006  |p 4364090  |r 2025-01-20  |w 2019-11-22  |y BK  |k HIS